000 00784 a2200205 4500
999 _c2459
_d2459
020 _a9781858561066
050 0 0 _aLB 1028.5 1999
100 1 _aSmith, Helen
_eAuthor
245 1 0 _aOpportunities for ICT in the primary school /
_cHelen Smith
264 _aEngland:
_bTrentham Books Limited,
_c1999
300 _avi, 250p. :
_bill.
500 _aIncludes bibliographical references (p. 239-246) and index.
504 _aIncludes bibliographical references (p. 239-246) and index.
650 0 _aComputer-assisted instruction.
650 0 _aEducation, Elementary
650 0 _aEducation, Elementary
_xCurricula
650 0 _aInformation technology
942 _2lcc
_cBK
_h1028.5
_iSMI
_kLB